01241nam a2200277 a 4500001001000000005001700010008004100027020001500068050002200083100004600105245015500151250000700306260002600313300004100339500011300380500003400493500012300527504003400650650005200684650005600736650003400792650004500826700003500871700002800906740002900934BRCA_460820190320204732.0800918s1981####sp-ab####b---#000-u#spa-# a8403050364 4aPQ6323b.C47 19811 aCervantes Saavedra, Miguel ded1547-1616.10aEl Ingenioso Hidalgo Don Quijote de la ManchacMiguel de Cervantes Saavedra ; edición preparada por Justo García Soriano y Justo García Morales. a12 aMadridbAguilarc1981 a1681 p.bil. 1 mapa plegablec18 cm. aIncluye diccionario del Quijote: nombres y lugares citados, modos adverbiales, refranes y voces ya desusadas aIncluye índice de láminas aCon 136 ilustraciones, reproducidas de diversas ediciones nacionales y extranjeras, y cuatro láminas fuera de texto. aBibliografía: p. [143]-169.14aNovela españolayÉpoca clásica, 1500-170014aLiteratura españolayÉpoca clásica, 1500-170014aNovela españolaySiglo XVII14aDon Quijote (Personaje ficticio)vNovela1 aGarcía Soriano, Justod1884-1 aGarcía Morales, Justo0 aDon Quijote de la Mancha